| 000 | 00779nam a22002057a 4500 | ||
|---|---|---|---|
| 005 | 20240917122401.0 | ||
| 010 | _aENG-141744 | ||
| 020 |
_c604.00 _a9789394406223 |
||
| 035 | _aEN-125276 | ||
| 037 | _bDBAD | ||
| 082 | _a589.03 | ||
| 100 |
_aParihar, Arvind _971714 |
||
| 245 |
_aWood - Rotting Fungi of Koderma wildlife Sanctuary Jharkhand/ _cBy Arvind Parihar; Manoj Emanuel Hembrom [and] Kanad Das |
||
| 260 |
_aKolkata _bThe Director, Botenical Survey of India _c2023 |
||
| 270 |
_bKolkata _aCGO Complex, 3rd MSO Building, Block-F, 5th & 6th Floor DF Block, Sector 1,Salt Lake City _e700064 |
||
| 300 |
_a219p _c25cm(hb) |
||
| 700 |
_aHembrom, Manoj Emanuel _eAuthor _971715 |
||
| 700 |
_aDas , Kanad _eAuthor _971716 |
||
| 942 |
_2ddc _cEN _h589.03 _mPAR |
||
| 999 |
_c205812 _d205812 |
||